000 00440nam a2200181Ia 4500
001 16479
003 IN-NITTTR
005 20251114233155.0
008 251113s9999||||xx |||||||||||||| ||eng||
040 _beng
040 _cIN-NITTTR
041 _aeng
082 _a793.74 H422A
100 _aHergert, Douglas
245 0 _aApple pascal games /
_cHergert, Douglas, Kalash, Joseph T.
700 _a Kalash, Joseph T.
942 _2ddc
_cBK
999 _c19113
_d19113